| 000 | 00591nam a2200181Ia 4500 | ||
|---|---|---|---|
| 008 | 100920s9999 xx 000 0 und d | ||
| 082 |
_b14534 _a891.43 थ 62 |
||
| 100 | _aमिश्र शिवसागर. | ||
| 245 | _aमगध की जय. | ||
| 260 |
_bआत्माराम एंड सन्स, काश्मीरी गेट, दिल्ली. _c1962 |
||
| 300 |
_a355 _bसाधी |
||
| 365 | _b6 | ||
| 520 | _aहिंदी. | ||
| 630 | _aमगध की जय. | ||
| 650 | _aहिंदी. | ||
| 730 | _aमगध की जय. | ||
| 942 | _cBOOK | ||
| 999 |
_c678541 _d678538 |
||